00629nam a2200229 a 45000010010000000030011000100080041000210200013000620350026000750920013001011000019001142450017001332600042001503000017001925200013002098560031002229420012002539520091002659900006003569980020003629990017003820001-1011ELIB.Books141022 2010 eng  a10 0 232 a(ELIB.Books)0001-1165 a230bDea aDeane-Drummond aEco-Theology aTrowbridge:bThe Cromwell Pressc2008 a240c20.7 Cm aTheology nKBTS; LibraryuKBTS; Elib. 2ddccBK 00102ddc4070aKBTSbKBTSd2014-10-22l0p15273r2022-01-22 00:00:00w2022-01-22yBK a1 cbate2014-10-22 c11011d11011